000 00321nam a2200133Ia 4500
999 _c2604
_d2604
008 200103s9999||||xx |||||||||||||| ||und||
020 _a9780117729230,
082 _a528
_bHMS
100 _aHMSO
245 4 _aThe nautical almanac for the year 2001
260 _bHMSO
_c2001
_aLondon
300 _axxxv, 318P.
942 _cBK